000 00609nam a2200193Ia 4500
003 GCL
008 140319s9999 xx 000 0 ara d
040 _aGCL /
_cGCL
082 0 4 _a811.5
_bر ش
100 1 _aرشدى على حسن
245 1 0 _aشعر الطبيعة فى العصر العباسى الثانى /
_cرشدى على حسن
300 _a276 ص
490 _a
650 0 4 _aالدولة العباسية الثانية
650 0 4 _aالدولة العباسية الثالثة
650 0 4 _aالطبيعة فى الشعر
650 0 4 _aالطبيعة فى الادب
942 _2ddc
_cBK
999 _c40624
_d40624